Pozorovateľ sveta Augustín Marián Húska píše knihy, vydáva internetový samizdat a stále maľuje

Podrobná bibliografia
Hlavný autor: Kapusta, Pavel, 1969- (Autor)
Médium: Článok
Jazyk:slovenčina
Fyzický popis:Fotogr.
ISSN:1336-0256
Predmet:

MARC

LEADER 00000nab a2200000 ar4500
001 vtls008633469
003 SK-MaSNL
005 20260303071652.0
008 060322c2006 xo mr|p|||||||000 b|slo
015 |a SNBRB2006/03  |2 snkbucl 
040 |a SNKBUCL  |b slo  |c SNKBUCL  |e AACR2 
041 0 |a slo 
044 |a xo  |c SK 
080 |a 32-051  |2 2001 
080 |a 929 Húska, Augustín Marián  |2 2001 
100 1 |a Kapusta, Pavel,  |d 1969-  |4 aut  |9 838890 
245 1 0 |a Pozorovateľ sveta  |b Augustín Marián Húska píše knihy, vydáva internetový samizdat a stále maľuje  |c Pavel Kapusta 
300 |b Fotogr. 
600 1 7 |a Húska, Augustín Marián,  |d 1929-2016  |2 snkbucl  |9 53777 
773 0 |t Extra plus  |g Roč. 6, marec (2006), s. 26-27  |x 1336-0256 
852 |a SNK  |b KIS3GCP 
958 |a SK 
958 |a BX 
999 |c 1761007  |d 1762937